00902 2200193 4500001002100000005001500021035002000036007000300056008004100059082001200100084001800112100002000130245015900150250001600309260004000325300001900365500030700384990001700691INLIS00000000000594020260702093024 a0010-0726000005ta260702 u dut  a91(910) a91(910) MUL r1 aMULLER, Salomon1 aReizen en onderzoekingen in den indischen archipel :bGedaan op last der nederlandsche indische regering, tusschen de jaren 1828 en 1836 /cSalomon Muller aEERSTE DEEL aAmsterdam :bFrederik Muller,c1857 a350 p. :bill. anieuwe utgave, met verbeteringen door den schrijver, uitgeven van wegen het koninklijk intituut voor de taal-, land- en volkenkunde van nederlandsch-indie.--- edisi baru, dengan perbaikan oleh penulis, diterbitkan atas nama Lembaga Kerajaan untuk Linguistik, Geografi, dan Etnologi Hindia Belanda.--- a0343/KA/2026